Religion Quiz

Random Religion or Bible Quiz
Score 0/25 Timer 08:00
0 Plays Today
Question Answer Wrong Answers
Judges Chapter 16: Who convinced Samson to reveal the source of his strength? Delilah
67.8%
Ruth
3.2%
Deborah
5.3%
Naomi
5.2%
Judges Chapter 4: What prophetess was leading Israel when they defeated the army of Jabin, the king of Canaan? Deborah
65.6%
Elizabeth
8%
Sarah
7.4%
Naomi
12.6%
Judges Chapter 6: Whose altar did Gideon and his men cast down? Baal
61.4%
Lucifer
6.7%
Jehovah
7.8%
Beelzebub
14.3%
Ruth Chapter 1: Who was Ruth's mother-in-law? Naomi
60.8%
Sarah
7.8%
Delilah
4.8%
Deborah
5.9%
Ruth Chapter 2: Who did Ruth meet while she was gleaning grain? Boaz
59%
David
7%
Saul
8%
Absolam
4.8%
Judges Chapter 7: What instrument did Gideon and his men carry? Trumpet
58.8%
Lyre
11.8%
Ocarina
5.5%
Harp
12.4%
Judges Chapter 15: Samson used the jawbone of what animal to slay the Philistines? Donkey
56.8%
Cow
9%
Goat
11.1%
Man
4.8%
Judges Chapter 13: Manoah and his barren wife were told by an angel of the Lord they would bear a son, who was this son? Samson
55.1%
Saul
9.7%
David
8.4%
Isaac
9.1%
Judges Chapter 17: What did Micah's mother have made out of the 200 shekels of silver? An idol
53.6%
A mirror
8.7%
Chalises
10.7%
Plates
7.7%
Judges Chapter 3: How many years of peace did the Israelites have before Othniel died? 40
53.2%
12
15.9%
7
14.9%
25
12.8%
Judges Chapter 14: Who gave away the answer to Samson's riddle? His wife
51.9%
His mother
6.8%
His father
5.5%
No one
17.9%
Ruth Chapter 4: How was Boaz related to David? Great Grandfather
51.7%
Father
6.3%
Uncle
10.2%
Cousin
10.5%
Judges Chapter 8: How many men did Gideon have with him when he crossed the Jordan? 300
50.5%
500
11.3%
1000
17.4%
40
8.4%
Judges Chapter 1: Caleb gave his daughter Achsah to Othniel, how was Othniel related to Caleb? Nephew
47%
Brother
14%
Cousin
22.8%
No relation
15.9%
Judges Chapter 2: Who was buried in the mount of Ephraim? Joshua
43.6%
Moses
24.6%
Joseph
15.6%
Aaron
15%
Ruth Chapter 3: What grain did Boaz give six measures of to Ruth? Barley
43.2%
Wheat
23.4%
Rice
4.4%
Corn
7.7%
Judges Chapter 11: The elders of Gilead asked Jephthat to help defeat which people? Ammonites
40.4%
Egyptians
8.3%
Syrians
7.9%
Philistines
26.9%
Judges Chapter 21: To obtain wives, the Benjamites were told to wait in the vineyards of which city? Shiloh
37.5%
Jebus
9.4%
Bethel
19%
Midian
13.1%
Judges Chapter 9: How many of his brothers did Abimelech, the son of Gideon slay? 70
37.4%
40
10.4%
12
16.5%
7
22%
Judges Chapter 20: What tribe of Israel, did the rest of Israel go to war against? Benjamin
34%
Dan
11.7%
Judah
23.3%
Levi
10.5%
Judges Chapter 18: Which tribe of Israel conquered the land of Laish? Dan
31.3%
Asher
15.6%
Issachar
14.3%
Gad
19.6%
Judges Chapter 19: What city had the Levite and his concubine departed from? Bethlehem
30.8%
Edom
26.1%
Damascus
17.5%
Rome
5.8%
Judges Chapter 10: Tola, who judged Israel for 23 years, was from which tribe? Issachar
29.9%
Levi
19.5%
Asher
15.9%
Judah
19.6%
Judges Chapter 12: Jephthat and the people of Gilead fought with people from which other tribe of Israelites? Ephraim
29.6%
Asher
14.8%
Simeon
13.6%
Dan
24.9%
Judges Chapter 5: What color were the donkeys that people rode? White
29%
Brown
23.3%
Black
10.9%
Gray
28.9%
Remove Ads.
Support Sporcle.
Get the best of Sporcle when you Go Orange. This ad-free experience offers more features, more stats, and more fun while also helping to support Sporcle. Thank you for becoming a member.

You're not logged in!

Compare scores with friends on all Sporcle quizzes.
OR
Log In

Sporcle TV

Today on Sporcle TV


Watch our educational content, quiz creation guides, and fun videos on Sporcle TV.

Show Comments

Extras

Top Quizzes Today


Score Distribution

Paid Content

Your Account Isn't Verified!

In order to create a playlist on Sporcle, you need to verify the email address you used during registration. Go to your Sporcle Settings to finish the process.

Report this User

Report this user for behavior that violates our Community Guidelines.

Details: